[Event "Decin op"]
[Site "Decin"]
[Date "1996.??.??"]
[Round "7"]
[White "Navrotescu , Catalin"]
[Black "Kostin, Alexey"]
[Result "1-0"]
[WhiteElo "2375"]
[BlackElo "2300"]
[PlyCount "79"]
[EventDate "1996.??.??"]
[EventRounds "9"]
[EventCountry "CZE"]
[Source "ChessBase"]

1. d4 Nf6 2. c4 c5 3. d5 b5 4. cxb5 a6 5. bxa6 g6 6. Nc3 Bxa6 7. Nf3 d6 8. g3
Bg7 9. Bg2 Nbd7 10. O-O Nb6 11. Nd2 O-O 12. Qc2 Qc7 13. Rd1 Rfb8 14. Rb1 Nfd7
15. b3 c4 16. b4 Bxc3 17. Qxc3 Na4 18. Qc2 Bb5 19. Nb3 Nab6 20. Bh6 Nf6 21. Rd4
Rc8 22. Na5 c3 23. Rc1 Ba4 24. Qd3 c2 25. Bd2 Qd7 26. Bc3 Rc7 27. Ba1 Rac8 28.
Qd2 Nc4 29. Qh6 Nxa5 30. Bh3 Qb5 31. Bxc8 Rxc8 32. bxa5 Qxa5 33. Re4 Qxd5 34.
Rxa4 e5 35. Rb4 Ne4 36. Qe3 Qd1+ 37. Kg2 Nd2 38. Bb2 Nc4 39. Rxc4 Rxc4 40. Qd3
1-0

[Event "Decin op"]
[Site "Decin"]
[Date "1996.??.??"]
[Round "8"]
[White "Navrotescu , Catalin"]
[Black "Loktionova, Natalia"]
[Result "1-0"]
[WhiteElo "2375"]
[BlackElo "2125"]
[PlyCount "63"]
[EventDate "1996.??.??"]
[EventRounds "9"]
[EventCountry "CZE"]
[Source "ChessBase"]

1. d4 Nf6 2. c4 e6 3. g3 d5 4. Nf3 c6 5. Bg2 Nbd7 6. O-O Be7 7. Qc2 O-O 8. Rd1
Qc7 9. Nc3 b6 10. Bf4 Qd8 11. cxd5 exd5 12. Ne5 Bb7 13. Rac1 Nh5 14. Be3 Bd6
15. f4 g6 16. Bf2 f5 17. a3 Nhf6 18. b4 Rc8 19. Qa2 b5 20. e4 fxe4 21. Nxe4
Nxe4 22. Bxe4 Nb6 23. Nxc6 Qf6 24. Nxa7 Rxc1 25. Rxc1 Bxf4 26. gxf4 Qxf4 27.
Re1 Nc4 28. Nxb5 Nd2 29. Bg3 Qg5 30. Bg2 Nf3+ 31. Bxf3 Rxf3 32. Kg2 1-0

[Event "Decin op"]
[Site "Decin"]
[Date "1996.??.??"]
[Round "9"]
[White "Sergienko, Sergey"]
[Black "Navrotescu , Catalin"]
[Result "1/2-1/2"]
[WhiteElo "2425"]
[BlackElo "2375"]
[PlyCount "108"]
[EventDate "1996.??.??"]
[EventRounds "9"]
[EventCountry "CZE"]
[Source "ChessBase"]

1. d4 Nf6 2. c4 g6 3. Nc3 Bg7 4. e4 d6 5. Be2 O-O 6. Bg5 Na6 7. Nf3 h6 8. Bf4
e5 9. dxe5 Nh5 10. Be3 dxe5 11. Qc1 Kh7 12. O-O c6 13. Rd1 Qe7 14. c5 Nc7 15.
Rd6 Ne8 16. Rd2 f5 17. exf5 gxf5 18. Qc2 Nef6 19. Nh4 Nd5 20. Nxd5 cxd5 21. g3
Qf7 22. Bxh5 Qxh5 23. Rxd5 Be6 24. Rd6 Rae8 25. Re1 Kg8 26. b3 Bf6 27. Ng2 f4
28. Bxf4 Bh3 29. Bc1 Re7 30. Qe4 Bg4 31. h4 Bf3 32. Qc4+ Kh7 33. Bb2 Qf5 34.
Kh2 Rg7 35. Qd3 e4 36. Qd2 Bxg2 37. Kxg2 Qf3+ 38. Kh2 Bxb2 39. Rxh6+ Kg8 40.
Qxb2 Qxf2+ 41. Qxf2 Rxf2+ 42. Kh3 Rf3 43. Rg1 Re7 44. Rd6 e3 45. Rd3 Rf2 46.
Re1 e2 47. Rd2 Re3 48. b4 Kf7 49. b5 Rff3 50. Rexe2 Rxg3+ 51. Kh2 Rh3+ 52. Kg2
Rxe2+ 53. Rxe2 Rxh4 54. Rd2 Ke7 1/2-1/2

[Event "Eforie_Nord"]
[Site "?"]
[Date "1996.??.??"]
[Round "?"]
[White "Gavrilov, Alexei"]
[Black "Navrotescu , Catalin"]
[Result "*"]
[WhiteElo "2445"]
[BlackElo "2375"]
[Annotator "Gavrilov,Al"]
[PlyCount "59"]
[EventDate "1996.??.??"]

{69/(552)} 1. d4 Nf6 2. c4 g6 3. Nc3 Bg7 4. e4 d6 5. Nf3 O-O 6. Be2 e5 7. O-O
Nc6 8. d5 Ne7 9. Ne1 Ne8 10. f4 exf4 11. Bxf4 h6 $5 $146 (11... c6 {- 66/534})
12. Nc2 f5 13. exf5 g5 14. Be3 (14. Bd2 $5 $14) 14... Nxf5 15. Qd3 $1 Qe7 16.
Bd2 Be5 17. Rf2 Neg7 18. Raf1 Bd7 19. g3 Rf6 $1 20. Qe4 $5 Re8 21. Bd3 Qd8 22.
Qg2 Qe7 23. g4 Nh4 24. Qe4 Rg6 $8 25. Qe2 Rf6 26. Rxf6 Bxf6 27. Qxe7 Bxe7 28.
h3 Rf8 (28... h5 29. Ne3 Rf8 30. Rxf8+ Kxf8 31. Kf2 Bf6 32. b3 $5 Bd4 33. Ke2
$14 {/\ Ne4}) 29. Rxf8+ Bxf8 (29... Kxf8 $5 30. Kf2 Bf6 31. b3 $14) 30. Kf2 $16
*

[Event "Eforie_Nord"]
[Site "?"]
[Date "1996.??.??"]
[Round "?"]
[White "Navrotescu , Catalin"]
[Black "Atalik, Suat"]
[Result "1/2-1/2"]
[WhiteElo "2370"]
[BlackElo "2535"]
[Annotator "Atalik,S"]
[PlyCount "76"]
[EventDate "1996.??.??"]

{67/643} 1. d4 Nf6 2. c4 g6 3. g3 Bg7 4. Bg2 O-O 5. Nc3 d6 6. Nf3 Nc6 7. O-O
Bd7 8. d5 Na5 9. b3 $146 (9. Nd2 {- 54/562}) 9... c6 (9... Nxd5 10. Nxd5 Bxa1
11. Bd2 c6 12. Bxa5 Qxa5 13. Nxe7+ Kg7 14. Qxa1+) 10. Bb2 Qb6 11. Qd2 Rfc8 (
11... Qb4 $5 12. dxc6 Nxc6 $13) 12. Rac1 Qb4 13. Rfd1 cxd5 14. cxd5 (14. Nxd5
Nxd5 15. Bxg7 Qxd2 16. Rxd2 Kxg7 17. Rxd5 b6 $5 $13) 14... Rc7 (14... Ng4 $5)
15. Ne1 $1 Rac8 $6 (15... Ng4 16. Nd3 Qb6) 16. Nd3 Qb6 17. h3 $1 Ne8 18. e4 $6
(18. Ba1 $1 $14) 18... Nxb3 $1 $132 19. axb3 Qxb3 20. e5 $8 Bxe5 $5 (20... Bf5
21. Ba1 Bxd3 22. Qxd3 Bxe5 23. Rb1 $8 Qa3 24. Ne2 $13) (20... dxe5 21. Ba1 Nd6
22. Rb1 Qa3 23. Ne4 $13) 21. Nxe5 dxe5 22. Ba1 Nd6 23. Rb1 Qa3 24. Ne4 Bf5 $1
25. Bxe5 $1 Nxe4 26. Qh6 Nf6 $8 (26... f6 $2 27. Bxc7 Rxc7 28. g4 $18) 27. d6
Rd7 $8 28. Bxb7 $1 (28. Ra1 Qb4 29. Rd4 Qc5 $13) 28... Rcd8 $1 (28... Rb8 $2
29. dxe7 $1 $18) (28... Bxb1 29. Bxc8 Qb3 30. Qc1 $1 $18 (30. Rc1 Rxd6 31. Bxd6
exd6 32. Bg4 $1 $18)) 29. Ra1 $1 Qc5 30. Bd5 $3 Rxd6 31. Bxd6 exd6 $5 32. Rac1
Qb6 33. Rc6 $5 Qb4 34. Bg2 a5 35. Qd2 $1 $138 Kg7 $5 36. Ra6 Ne4 37. Qxb4 axb4
38. Rb6 Nc3 1/2-1/2

[Event "ROM-chT"]
[Site "Herculane"]
[Date "1996.??.??"]
[Round "?"]
[White "Navrotescu , Catalin"]
[Black "Nevednichy, Vladislav"]
[Result "0-1"]
[WhiteElo "2375"]
[BlackElo "2525"]
[PlyCount "72"]
[EventDate "1996.??.??"]
[Source "ChessBase"]

1. d4 d6 2. c4 e5 3. Nf3 e4 4. Ng5 f5 5. Nc3 c6 6. g3 Be7 7. Nh3 Nf6 8. Bg2 O-O
9. O-O Na6 10. f3 exf3 11. Bxf3 Nc7 12. Nf4 Rb8 13. Bd2 Ne6 14. Nxe6 Bxe6 15.
b3 d5 16. Bf4 Rc8 17. c5 Qd7 18. Qd2 Rcd8 19. Rad1 Qe8 20. b4 h6 21. Qc2 a6 22.
Kh1 Ne4 23. Be5 Qg6 24. Bg2 h5 25. e3 h4 26. Ne2 hxg3 27. Nxg3 Bg5 28. Nxe4
fxe4 29. Qe2 Qh6 30. Rxf8+ Rxf8 31. Re1 Bh4 32. Rf1 Rxf1+ 33. Bxf1 Bg5 34. Qg2
Bxe3 35. Be2 Qg5 36. a4 Bd7 0-1

[Event "ROM-chT"]
[Site "Herculane"]
[Date "1996.??.??"]
[Round "?"]
[White "Sandu, Marius Stefan"]
[Black "Navrotescu , Catalin"]
[Result "1-0"]
[WhiteElo "2310"]
[BlackElo "2375"]
[PlyCount "77"]
[EventDate "1996.??.??"]
[Source "ChessBase"]

1. e4 c5 2. c3 d5 3. exd5 Qxd5 4. d4 Nc6 5. Be3 cxd4 6. cxd4 e6 7. Nc3 Qd8 8.
Nf3 Nf6 9. a3 Be7 10. Bd3 O-O 11. O-O b6 12. Rc1 Bb7 13. Bb1 Rc8 14. Qd3 g6 15.
Rfd1 Nd5 16. Bh6 Re8 17. Ba2 Nxc3 18. Rxc3 Bf6 19. d5 exd5 20. Bxd5 Rc7 21. Qc2
Nd4 22. Rxc7 Qxd5 23. Rxb7 Nxf3+ 24. gxf3 Qxb7 25. Qa4 b5 26. Qb3 Qc6 27. Rc1
Qd7 28. Rd1 Qf5 29. Qd5 Bxb2 30. Qxf5 gxf5 31. Rb1 Re2 32. Kf1 Rc2 33. Re1 f6
34. Re7 Bxa3 35. Rg7+ Kh8 36. Rxa7 Rxf2+ 37. Kxf2 Bc5+ 38. Be3 Bxa7 39. Bxa7
1-0

[Event "Schneider mem op "]
[Site "Budapest"]
[Date "1996.??.??"]
[Round "?"]
[White "Ionescu, Doru Alexandru"]
[Black "Navrotescu , Catalin"]
[Result "1/2-1/2"]
[WhiteElo "2270"]
[BlackElo "2370"]
[PlyCount "69"]
[EventDate "1996.??.??"]
[EventRounds "9"]
[EventCountry "HUN"]
[Source "ChessBase"]
[SourceDate "1998.11.10"]

1. e4 c5 2. Nf3 d6 3. d4 cxd4 4. Nxd4 Nf6 5. Nc3 a6 6. f4 e5 7. Nf3 Nbd7 8. a4
Be7 9. Bd3 O-O 10. O-O Nc5 11. Kh1 exf4 12. Bxf4 Bg4 13. Qe1 Rc8 14. Qg3 Bh5
15. Nd4 Bg6 16. Qe3 Re8 17. Rae1 Qa5 18. Nb3 Nxb3 19. cxb3 Ng4 20. Qg3 Ne5 21.
Bb1 Qd8 22. Rc1 h6 23. Nd5 Rxc1 24. Rxc1 Bg5 25. Rc7 Bxf4 26. Qxf4 b5 27. a5
Kh7 28. h3 b4 29. Bc2 Qb8 30. Qf2 Qb5 31. Qb6 Qe2 32. Qe3 Qf1+ 33. Qg1 Qe2 34.
Qe3 Qf1+ 35. Qg1 1/2-1/2

[Event "ROM-chT"]
[Site "?"]
[Date "1995.??.??"]
[Round "?"]
[White "Navrotescu , Catalin"]
[Black "Bach, Adrian Kalman"]
[Result "1/2-1/2"]
[WhiteElo "2360"]
[BlackElo "2350"]
[PlyCount "46"]
[EventDate "1995.??.??"]

1. d4 d5 2. c4 c6 3. Nf3 Nf6 4. e3 e6 5. Nc3 Nbd7 6. Bd3 dxc4 7. Bxc4 b5 8. Bd3
Bb7 9. a3 b4 10. Ne4 Nxe4 11. Bxe4 Rc8 12. O-O bxa3 13. b3 Ba6 14. Bd3 Qa5 15.
Bxa3 Bxd3 16. Qxd3 Bxa3 17. Nd2 Ne5 18. Qc2 Ng4 19. Nf3 c5 20. Qa2 cxd4 21.
exd4 Rc3 22. Qxa3 Qxa3 23. Rxa3 O-O 1/2-1/2

[Event "ROM-chT"]
[Site "?"]
[Date "1995.??.??"]
[Round "?"]
[White "Navrotescu , Catalin"]
[Black "Vasiesiu, Dan"]
[Result "1/2-1/2"]
[WhiteElo "2360"]
[BlackElo "2400"]
[PlyCount "54"]
[EventDate "1995.??.??"]

1. d4 Nf6 2. c4 c5 3. d5 b5 4. cxb5 a6 5. bxa6 g6 6. Nc3 Bxa6 7. g3 d6 8. Bg2
Bg7 9. Nf3 Nbd7 10. O-O Nb6 11. Re1 O-O 12. Bf4 Nh5 13. Bg5 h6 14. Bc1 Nf6 15.
Nd2 Nfd7 16. Qc2 Bb7 17. Nf1 Ra6 18. Rd1 Qa8 19. e4 Na4 20. Ne3 Nxc3 21. bxc3
Ra4 22. Bd2 Qa7 23. Rdb1 Ra8 24. Rb2 h5 25. h3 Bc8 26. Bf1 Nf6 27. f3 c4
1/2-1/2

[Event "Romania"]
[Site "?"]
[Date "1995.??.??"]
[Round "?"]
[White "Moraru, Marius"]
[Black "Navrotescu , Catalin"]
[Result "1-0"]
[WhiteElo "2305"]
[BlackElo "2345"]
[Annotator "Stoica,V"]
[PlyCount "71"]
[EventDate "1995.??.??"]

{64/248} 1. e4 c5 2. Nf3 d6 3. d4 cxd4 4. Nxd4 Nf6 5. Nc3 a6 6. Bc4 e6 7. Bb3
Nbd7 8. f4 Nc5 9. Qf3 b5 10. f5 Qd7 $5 $146 (10... e5 {- 63/208}) 11. Bg5 b4
12. fxe6 fxe6 13. Nxe6 $5 (13. Na4 $1 Nxb3 (13... Bb7 $2 14. Nxc5 dxc5 15. Bxf6
cxd4 16. Qh5+ g6 17. Qe5 $18) (13... Nxa4 $6 14. Nxe6 Bb7 (14... Nc5 15. Nxc5
dxc5 16. Bxf6 gxf6 17. e5 $1 $16) (14... Nb6 15. O-O-O Qe7 16. e5 $1 $16) 15.
Bxf6 gxf6 16. Qh5+ Ke7 17. O-O-O $40) 14. axb3 Qb7 (14... Rb8 15. O-O-O Be7 16.
e5 $16) 15. Bxf6 gxf6 16. O-O-O Bh6+ 17. Kb1 Ke7 18. Rhe1 $40) 13... Nxe6 $1 (
13... Nxb3 $6 14. Nd5 $1 Nxd5 15. exd5 Nc5 (15... Nxa1 $2 16. Rf1 $1 $18) 16.
O-O-O {/\ Rhe1+/-->}) (13... bxc3 $6 14. Nxc5 dxc5 15. Bxf6 gxf6 16. e5 $1 $16)
14. Bxf6 (14. Ba4 $6 Nxg5 15. Bxd7+ Bxd7 $17) 14... bxc3 (14... gxf6 $5 15. Ba4
bxc3 16. Bxd7+ Bxd7 17. e5 $5 (17. Qxc3 Be7 $13) 17... Rb8 $1 (17... Rc8 $2 18.
exf6 cxb2 19. Rd1 $36) 18. O-O $5 (18. exf6 cxb2 19. Rb1 h5 $13) 18... cxb2 19.
Rad1 dxe5 20. Qh5+ (20. Qxf6 $2 Bc5+ 21. Kh1 Rf8 $19) (20. Qd5 $6 Nc5 $1 $17)
20... Ke7 (20... Kd8 $2 21. Qf7 $18) 21. Qf3 Bg7 22. Qa3+ Ke8 $13) 15. Qh5+ g6
$8 (15... Qf7 $2 16. Ba4+ $18) 16. Qd5 $5 (16. Qa5 Bg7 $1 (16... cxb2 17. Ba4
bxa1=Q+ 18. Bxa1 Bg7 19. Bxg7 Nxg7 20. O-O $13) 17. Ba4 Bxf6 18. Bxd7+ Bxd7 19.
bxc3 O-O $15) 16... Nc7 $1 (16... cxb2 $6 17. Rd1 $1 (17. Bxb2 $2 Bg7 $1 $17)
17... Nc7 (17... Bg7 18. Bxg7 Qxg7 19. Ba4+ $1 $16) 18. Qd4 $1 Ne6 (18... Nb5
19. Qxb2 $18) 19. Bxe6 Qxe6 20. Bxh8 $16) 17. Qa5 (17. Qd4 $6 Nb5 $1 18. Qd5
Bb7 19. Qe6+ Qxe6 20. Bxe6 Bh6 $1 21. Bxh8 Ke7 $17) 17... Bg7 $2 (17... cxb2 $1
18. Rd1 (18. Bxb2 $6 Bg7 $1 $17) 18... Bg7 $1 19. Bxg7 $5 (19. Ba4 Nb5 (19...
Bxf6 $2 20. Bxd7+ Kxd7 21. O-O $16) 20. Bxg7 Qxg7 21. Bxb5+ axb5 $1 22. Qxa8
Qc3+ 23. Ke2 $8 Qxc2+ 24. Rd2 (24. Ke3 Qc5+ 25. Ke2 Ke7 $1 $17) 24... Qc4+ 25.
Rd3 O-O $1 26. Qd5+ Be6 $1 $15) 19... Qxg7 20. O-O $44) 18. Ba4 Bxf6 (18... Nb5
19. Bxg7 Qxg7 20. Bxb5+ axb5 21. Qxa8 $16) 19. Bxd7+ Kxd7 20. Rf1 $1 $16 Ne8 (
20... Rf8 21. e5 $1 $16) (20... cxb2 21. Rd1 Be7 22. Rf7 $16) 21. Qd5 $1 Rb8 (
21... cxb2 22. Rd1 Rb8 23. Rxf6 $1 $18) 22. Rxf6 Nxf6 23. Qf7+ Kc6 24. Qxf6 Re8
25. Qxc3+ Kd7 26. Qd4 $18 Kc7 27. O-O-O Rb6 28. Qg7+ Bd7 29. Qxh7 Rxe4 30. Qxg6
Rg4 31. Qh7 Rxg2 32. Rf1 d5 33. Rf7 Rd6 34. Qh3 Rg1+ 35. Kd2 d4 36. Qf3 1-0

[Event "Romania"]
[Site "?"]
[Date "1995.??.??"]
[Round "?"]
[White "Nisipeanu, Liviu Dieter"]
[Black "Navrotescu , Catalin"]
[Result "*"]
[WhiteElo "2465"]
[BlackElo "2345"]
[Annotator "Stoica,V; Nisipeanu,L"]
[PlyCount "63"]
[EventDate "1995.??.??"]

{64/(224)} 1. e4 c5 2. Nf3 d6 3. d4 cxd4 4. Nxd4 Nf6 5. Nc3 a6 6. Be3 Nc6 7. f3
e6 8. g4 Be7 9. Qd2 O-O 10. O-O-O Nxd4 11. Bxd4 b5 12. g5 Nd7 13. h4 Bb7 14. g6
$5 $146 (14. Kb1 {- 55/(240)}) 14... b4 15. Ne2 e5 (15... fxg6 $6 16. Qxb4 Qc7
17. Bh3 $16) 16. gxh7+ Kh8 17. Be3 f5 18. Bh3 f4 19. Bf2 a5 20. Kb1 Nb6 $5 21.
Be6 Ba6 22. b3 Rb8 {/\ Na8_c7_b5} 23. Nc1 Na8 24. Bg8 Nc7 25. a4 $1 bxa3 26.
Qxa5 Qc8 27. Qd2 Nb5 28. Na2 Bf6 $2 (28... Nd4 29. Bxd4 exd4 30. Nb4 Be2 $1 31.
Nd5 $3 Bxd1 32. Rxd1 $13) 29. c3 $1 Bd8 30. Ka1 Bb6 31. Bxb6 Rxb6 32. Rc1 $16 *

[Event "Biel op"]
[Site "?"]
[Date "1994.??.??"]
[Round "2"]
[White "Tischbierek, Raj"]
[Black "Navrotescu , Catalin"]
[Result "1-0"]
[WhiteElo "2525"]
[BlackElo "2360"]
[PlyCount "49"]
[EventDate "1994.??.??"]

1. e4 e6 2. d4 d5 3. Nc3 dxe4 4. Nxe4 Be7 5. Nf3 Nf6 6. Nxf6+ Bxf6 7. Bd3 O-O
8. O-O Nd7 9. Be3 Re8 10. c4 c6 11. Qc2 h6 12. Rad1 b6 13. Bh7+ Kf8 14. Be4 Qc7
15. Qd2 Bb7 16. Bf4 e5 17. Bg3 Qd8 18. Qc2 Qe7 19. Rfe1 exd4 20. Bf5 Qd8 21.
Rxe8+ Qxe8 22. Re1 Qd8 23. Bxd7 Qxd7 24. Qh7 g6 25. Ne5 1-0

[Event "Biel op"]
[Site "?"]
[Date "1994.??.??"]
[Round "3"]
[White "Navrotescu , Catalin"]
[Black "Bewersdorff, O."]
[Result "1-0"]
[WhiteElo "2360"]
[BlackElo "2300"]
[PlyCount "63"]
[EventDate "1994.??.??"]

1. d4 Nf6 2. c4 g6 3. g3 Bg7 4. Bg2 d5 5. Nf3 O-O 6. O-O dxc4 7. Na3 c6 8. Nxc4
Be6 9. b3 Bd5 10. Bb2 Nbd7 11. Rc1 a5 12. a3 Nb6 13. a4 Nbd7 14. e3 Ne4 15. Qc2
Ndf6 16. Nfe5 Nd6 17. f3 Bh6 18. Rce1 Be6 19. e4 Nd7 20. f4 Nxe5 21. Nxe5 Qb6
22. Re3 f5 23. Nc4 Qd8 24. d5 cxd5 25. exd5 Nxc4 26. Qxc4 Bd7 27. d6+ e6 28.
Rxe6 Bxe6 29. Qxe6+ Rf7 30. Bd5 Qe8 31. Qf6 Qe3+ 32. Kh1 1-0

[Event "Biel op"]
[Site "?"]
[Date "1994.??.??"]
[Round "4"]
[White "Maric, Alisa"]
[Black "Navrotescu , Catalin"]
[Result "1/2-1/2"]
[WhiteElo "2400"]
[BlackElo "2360"]
[PlyCount "87"]
[EventDate "1994.??.??"]

1. Nf3 g6 2. c4 Bg7 3. d4 Nf6 4. g3 O-O 5. Bg2 d6 6. O-O Nc6 7. Nc3 a6 8. h3
Rb8 9. Be3 b5 10. Nd2 Bd7 11. cxb5 axb5 12. d5 Ne5 13. b3 c5 14. Qc1 b4 15. Nd1
Bb5 16. Re1 Ned7 17. a4 Ba6 18. Bg5 h6 19. Bxf6 Bxf6 20. Ra2 Nb6 21. e4 c4 22.
Bf1 cxb3 23. Nxb3 Bxf1 24. Rxf1 h5 25. Ne3 Qd7 26. a5 Na4 27. Qc6 Qxc6 28. dxc6
Nc3 29. Rc2 e6 30. Nc4 Rfc8 31. Nb6 Rxb6 32. axb6 Rxc6 33. b7 Rb6 34. Na5 Kg7
35. Rfc1 g5 36. Kg2 g4 37. hxg4 hxg4 38. Rb2 Nxe4 39. Rc6 Rb5 40. Rb1 Nc5 41.
Rxd6 Nxb7 42. Nxb7 Rxb7 43. Rc6 Be7 44. Rb3 1/2-1/2

[Event "Biel op"]
[Site "?"]
[Date "1994.??.??"]
[Round "6"]
[White "Joksic, Sinisa"]
[Black "Navrotescu , Catalin"]
[Result "1/2-1/2"]
[WhiteElo "2320"]
[BlackElo "2360"]
[PlyCount "22"]
[EventDate "1994.??.??"]

1. d4 Nf6 2. g3 d5 3. Bg2 c6 4. Nf3 Bf5 5. O-O e6 6. Nbd2 h6 7. b3 Bd6 8. Bb2
O-O 9. Ne5 a5 10. a3 Nbd7 11. h3 c5 1/2-1/2

[Event "Biel op"]
[Site "?"]
[Date "1994.??.??"]
[Round "8"]
[White "Liardet, Fabrice"]
[Black "Navrotescu , Catalin"]
[Result "0-1"]
[WhiteElo "2270"]
[BlackElo "2360"]
[PlyCount "58"]
[EventDate "1994.??.??"]

1. d4 Nf6 2. c4 g6 3. Nc3 Bg7 4. e4 d6 5. Nge2 O-O 6. Ng3 c5 7. d5 e6 8. Be2
exd5 9. cxd5 Re8 10. O-O a6 11. a4 h5 12. Bg5 Qa5 13. Qd2 Nbd7 14. Bh6 Bh8 15.
Rae1 Qb4 16. Bd3 Ne5 17. h3 Bxh3 18. f3 Bd7 19. b3 b5 20. axb5 axb5 21. Nge2
Nxd3 22. Qxd3 Qxb3 23. Rb1 Qa3 24. Nc1 c4 25. Qe3 Qa5 26. Qf4 b4 27. Nd1 c3 28.
Nxc3 bxc3 29. Qxd6 Bb5 0-1

[Event "Biel op"]
[Site "?"]
[Date "1994.??.??"]
[Round "9"]
[White "Navrotescu , Catalin"]
[Black "Stisis, Yaacov"]
[Result "1-0"]
[WhiteElo "2360"]
[BlackElo "2365"]
[PlyCount "57"]
[EventDate "1994.??.??"]

1. d4 d5 2. Nf3 Nf6 3. g3 Bf5 4. Bg2 e6 5. O-O c5 6. c4 Nc6 7. Nc3 Ne4 8. Be3
dxc4 9. Nxe4 Bxe4 10. dxc5 Qxd1 11. Rfxd1 Nb4 12. Rac1 Nc2 13. Bf4 c3 14. bxc3
Bxc5 15. Ng5 Bxg2 16. Kxg2 Na3 17. c4 Rc8 18. Ne4 Be7 19. c5 Rc6 20. Rc3 Nb5
21. Rb3 a6 22. a4 Na7 23. Rxb7 Nc8 24. Rdd7 O-O 25. Rxe7 Nxe7 26. Rxe7 f5 27.
Ng5 h6 28. Nxe6 Rf6 29. Bd6 1-0

[Event "Biel op"]
[Site "?"]
[Date "1994.??.??"]
[Round "10"]
[White "Sermek, Drazen"]
[Black "Navrotescu , Catalin"]
[Result "1-0"]
[WhiteElo "2515"]
[BlackElo "2360"]
[PlyCount "73"]
[EventDate "1994.??.??"]

1. e4 e6 2. d4 d5 3. Nd2 c5 4. exd5 exd5 5. Ngf3 Nf6 6. Bb5+ Bd7 7. Bxd7+ Nbxd7
8. O-O Be7 9. dxc5 Nxc5 10. Nb3 O-O 11. Nxc5 Bxc5 12. Bg5 Be7 13. c3 h6 14. Be3
Qa5 15. Nd4 Rfe8 16. Qb3 Qc7 17. h3 Bc5 18. Rad1 Rad8 19. Rd3 Ne4 20. Rfd1 Rd7
21. Qc2 Red8 22. Nf5 Qe5 23. Bxc5 Nxc5 24. Re3 Ne4 25. Ng3 f5 26. Ne2 Kh8 27.
Nd4 Qf6 28. f3 f4 29. Re2 Nd6 30. b3 Re7 31. Rxe7 Qxe7 32. Qd2 Qf6 33. Re1 Qf7
34. Ne6 Re8 35. Qxd5 Nf5 36. Re4 Ng3 37. Nxf4 1-0

[Event "ROM Team Ch"]
[Site "Romania"]
[Date "1994.??.??"]
[Round "?"]
[White "Navrotescu , Catalin"]
[Black "Istratescu, Andrei"]
[Result "1/2-1/2"]
[WhiteElo "2380"]
[BlackElo "2505"]
[PlyCount "36"]
[EventDate "1994.??.??"]

1. d4 Nf6 2. g3 g6 3. Bg2 Bg7 4. c4 O-O 5. Nf3 d6 6. O-O Nc6 7. Nc3 Rb8 8. d5
Na5 9. Nd2 c5 10. Qc2 a6 11. b3 b5 12. Bb2 Bh6 13. f4 bxc4 14. bxc4 e5 15. Rab1
exf4 16. gxf4 Qe7 17. Nce4 Nxe4 18. Qxe4 Qxe4 1/2-1/2

[Event "ROM-chT"]
[Site "ROM"]
[Date "1994.??.??"]
[Round "?"]
[White "Cozianu, Costin"]
[Black "Navrotescu , Catalin"]
[Result "1-0"]
[WhiteElo "2295"]
[BlackElo "2380"]
[PlyCount "56"]
[EventDate "1994.??.??"]
[Source "ChessBase"]
[SourceDate "1997.11.17"]

1. e4 e6 2. d4 d5 3. e5 c5 4. c3 Nc6 5. Nf3 Nge7 6. Bd3 cxd4 7. cxd4 Nf5 8.
Bxf5 exf5 9. O-O Be7 10. Nc3 Be6 11. Ne1 g5 12. f4 g4 13. Be3 Rc8 14. Nd3 Kf8
15. Bf2 h5 16. Rc1 h4 17. Ne2 b6 18. Be1 Kg7 19. h3 Qd7 20. Kh1 a5 21. Qb3 Rb8
22. hxg4 fxg4 23. Rxc6 Qxc6 24. f5 Bg5 25. fxe6 fxe6 26. Qd1 Rh6 27. Bd2 Bxd2
28. Qxd2 Rf6 1-0

[Event "ROM-chT"]
[Site "ROM"]
[Date "1994.??.??"]
[Round "?"]
[White "Golod, Vitali"]
[Black "Navrotescu , Catalin"]
[Result "1-0"]
[WhiteElo "2510"]
[BlackElo "2380"]
[PlyCount "49"]
[EventDate "1994.??.??"]
[Source "ChessBase"]
[SourceDate "1997.11.17"]

1. e4 e5 2. Nf3 Nc6 3. d4 exd4 4. Nxd4 Bc5 5. Be3 Qf6 6. c3 Nge7 7. Bc4 Ne5 8.
Be2 Qg6 9. O-O d6 10. f3 O-O 11. c4 Be6 12. b3 N5c6 13. Qd2 Nxd4 14. Bxd4 Bxd4+
15. Qxd4 f5 16. Nc3 Nc6 17. exf5 Bxf5 18. Qd2 Rae8 19. Rae1 Qf6 20. Rd1 Qe5 21.
Rf2 Qf6 22. f4 Be4 23. Nxe4 Rxe4 24. Qd5+ Qe6 25. Bf3 1-0

[Event "ROM-chT"]
[Site "ROM"]
[Date "1994.??.??"]
[Round "?"]
[White "Iordachescu, Viorel"]
[Black "Navrotescu , Catalin"]
[Result "1/2-1/2"]
[WhiteElo "2450"]
[BlackElo "2380"]
[PlyCount "60"]
[EventDate "1994.??.??"]
[Source "ChessBase"]
[SourceDate "1997.11.17"]

1. e4 e6 2. d4 d5 3. Nc3 Bb4 4. e5 c5 5. a3 Bxc3+ 6. bxc3 Ne7 7. Nf3 b6 8. Bb5+
Bd7 9. Bd3 c4 10. Bf1 Ba4 11. h4 Nbc6 12. h5 h6 13. g3 Kd7 14. Bg2 Qg8 15. Bf4
Qh7 16. Rc1 Kc7 17. Nh2 Kb7 18. Ng4 Nf5 19. Qe2 Rac8 20. O-O a5 21. Ne3 Ka7 22.
g4 Nfe7 23. Bg3 g6 24. Bh4 gxh5 25. gxh5 Nf5 26. Bf6 Rhg8 27. Kh2 Nce7 28. Ng4
Nc6 29. Ne3 Nce7 30. Ng4 Nc6 1/2-1/2

[Event "SUI Ch Open"]
[Site "Lucerne SUI"]
[Date "1994.??.??"]
[Round "?"]
[White "Navrotescu , Catalin"]
[Black "Baumann, K."]
[Result "1-0"]
[WhiteElo "2360"]
[BlackElo "1970"]
[PlyCount "52"]
[EventDate "1994.??.??"]

1. d4 Nf6 2. Nf3 e6 3. g3 b6 4. Bg2 Bb7 5. O-O Be7 6. c4 O-O 7. Nc3 Ne4 8. Bd2
f5 9. Ne1 Nxc3 10. Bxc3 Bxg2 11. Nxg2 Bf6 12. Qc2 d6 13. e4 g6 14. Nf4 Qc8 15.
Rfe1 c5 16. dxc5 dxc5 17. exf5 Bxc3 18. Qxc3 exf5 19. Re7 Rf7 20. Rxf7 Kxf7 21.
Nd5 Qd8 22. Re1 Nc6 23. Qd2 Rc8 24. Qf4 Qf8 25. Kg2 Kg8 26. Re6 Nd4 1-0

[Event "SUI Ch Open"]
[Site "Lucerne SUI"]
[Date "1994.??.??"]
[Round "?"]
[White "Navrotescu , Catalin"]
[Black "Ledermann, W."]
[Result "1-0"]
[WhiteElo "2360"]
[BlackElo "1850"]
[PlyCount "61"]
[EventDate "1994.??.??"]

1. d4 g6 2. e4 d6 3. Nc3 Bg7 4. Nge2 Nf6 5. g3 O-O 6. Bg2 Nbd7 7. h3 e5 8. Be3
c6 9. a4 Rb8 10. dxe5 dxe5 11. Bxa7 Ra8 12. Be3 Qa5 13. O-O Rd8 14. Qb1 Qb4 15.
Rd1 b6 16. Nc1 Bb7 17. Nd3 Qe7 18. b4 c5 19. bxc5 Nxc5 20. Nxc5 Rxd1+ 21. Qxd1
bxc5 22. Qd3 Ba6 23. Nd5 Qa7 24. Nxf6+ Bxf6 25. Qd6 Qe7 26. Bxc5 Qxd6 27. Bxd6
Rd8 28. Bb4 Rd4 29. c3 Rd2 30. a5 Bg5 31. Bf1 1-0

[Event "SWZ-ch op"]
[Site "Luzern"]
[Date "1994.??.??"]
[Round "?"]
[White "Giertz, Niklaus"]
[Black "Navrotescu , Catalin"]
[Result "1-0"]
[WhiteElo "2325"]
[BlackElo "2360"]
[PlyCount "55"]
[EventDate "1994.??.??"]
[Source "ChessBase"]
[SourceDate "1998.11.10"]

1. Nf3 d5 2. d4 Bf5 3. c4 e6 4. Nc3 c6 5. Bf4 Nd7 6. e3 Ngf6 7. Qb3 Qc8 8. h3
Be7 9. Rc1 O-O 10. Be2 dxc4 11. Bxc4 b5 12. Be2 a6 13. O-O c5 14. Nh4 Be4 15.
Nxe4 Nxe4 16. Nf3 Qb7 17. a4 b4 18. Rfd1 Ndf6 19. Ng5 Rac8 20. Bf3 h6 21. Nxe4
Nxe4 22. d5 exd5 23. Rxd5 c4 24. Qd1 Nf6 25. Rd4 Qb6 26. Rdxc4 Rcd8 27. Qe2 Nd5
28. Rc6 1-0

[Event "SWZ-ch op"]
[Site "Luzern"]
[Date "1994.??.??"]
[Round "?"]
[White "Navrotescu , Catalin"]
[Black "Legky, Nikolay A"]
[Result "0-1"]
[WhiteElo "2360"]
[BlackElo "2525"]
[PlyCount "73"]
[EventDate "1994.??.??"]
[Source "ChessBase"]
[SourceDate "1998.11.10"]

1. d4 e6 2. e4 d5 3. exd5 exd5 4. Nf3 Nf6 5. Bd3 Be7 6. O-O Bg4 7. Bf4 O-O 8.
h3 Bh5 9. Nbd2 c5 10. dxc5 Bxc5 11. c3 Nc6 12. Qb3 Bb6 13. Rfe1 Re8 14. Rxe8+
Qxe8 15. Re1 Qd7 16. Bg5 Bg6 17. Bb5 Ne4 18. Be3 Bc7 19. Qd1 Qd6 20. Nxe4 Bxe4
21. g3 Qf6 22. Be2 Re8 23. Nd4 Bb6 24. Qd2 Ne5 25. Bf4 h6 26. Bxe5 Rxe5 27. Bd3
Re8 28. Bb1 Kf8 29. Bxe4 dxe4 30. Kg2 Qe5 31. Qe3 f5 32. Rd1 Kg8 33. Qe2 f4 34.
gxf4 Qxf4 35. Qg4 Qf6 36. Nf5 Re5 37. b4 0-1